000 00364nam a2200157Ia 4500
003 OSt
005 20240217102409.0
008 170524s9999 xx 000 0 und d
020 _a978-0074602256
040 _cIIMT UNIVERSITY MEERUT
100 _aMahajan AS
245 0 _aElectricity and Magetism
260 _bTMH New Delhi
260 _c2007
942 _2ddc
_c02
999 _c4663
_d4663